Tapez H - Statistiques

Statistiques générales
  • Ce quiz a été pris 299 fois
  • Le résultat moyen est 14 sur 15
Statistiques - réponses
H % Correct
HHHHHHHHH
99%
H
98%
HHH
98%
HHHHH
98%
HHHHHHHH
98%
H
96%
HHH
96%
HHHHH
96%
HHHHHHHHHHHHH
96%
HH
95%
HHH
94%
HHHH
94%
HHHHH
94%
HH
93%
HHHHHH
93%
Aucun quiz correspondant
Distribution des résultats
% des personnes avec chaque résultat
Percentile par nombre de réponses
Votre historique - résultats
Vous n’avez pas pris ce quiz